000 00607nam a2200157 a 4500
001 000046959
005 20240304103305.0
008 180409s2001 dr r 000 0 spa d
040 _aDO-SdBNP
_bspa
_cBNPHU
082 _axxxx
_bR426r
110 1 _aRepública Dominicana.
_b Secretaría de Estado de Medio Ambiente y Recursos Naturales
_914503
245 1 0 _aReglamento para el funcionamiento de la industria forestal que procesa madera en la República Dominicana.
260 _aSanto Domingo :
_bSecretaría de Estado de Medio Ambiente,
_c2001.
300 _a14 p. ;
_c22 cm.
590 _aInventariado, 2018/BT
999 _c46447
_d46447